000 00756nam a2200205Ia 4500
001 18047
003 GE_BSU
008 181216s||||||||xx |||||||||||||| ||und||
040 _cGE_BSU
080 _a81(038)
245 _aენათმეცნიერულ ტერმინთა მოკლე ლექსიკონი.
245 _cშეადგ.: შამელაშვილი, რაფიელ. რედ. ალ. ღლონტი.
260 _aთბილისი
260 _bგანათლება
260 _c1975
300 _a194გვ. ; 22სმ.
541 _h98თ.
653 _aენათმეცნიერულ ტერმინთა მოკლე ლექსიკონი.
942 _cBK
999 _c51090
_d51090